00683nam a22002057a 450000500170000001000150001702000260003203500130005803700130007108200110008410000160009524500390011126000370015027000500018730000230023750000510026094200250031199900170033695201240035320150915110956.0 aENG-113899 a9788171325054c750.00 aEN-97431 bDBAD/PUB a658.87 aMitra, S.N. aRetail management /cby S.N. Mitra aJaipurbPointer Publishersc2007 aVyas Building, S.M.S. HighwaybJaipure302003 avi,269p.c22cm(Hb) aIncludes bibliographical references and index  2ddccENmMITh658.87 c96455d96455 001040718NFICaDBADbDBADd2015-08-25eDBAD/PUBg750.00l0o658.87 MITpEN-97431r2015-08-25 00:00:00t1v750.00yEN